Physical chemistry with biological applications / (Record no. 15090)

000 -LEADER
fixed length control field 00468cam a2200157 i 4500
020 ## - INTERNATIONAL STANDARD BOOK NUMBER
ISBN 0805356800
040 ## - CATALOGING SOURCE
Transcribing agency DLC
082 00 - DEWEY DECIMAL CLASSIFICATION NUMBER
Classification number 541 BEN 1978 A063 Or.
100 1# - MAIN ENTRY--AUTHOR NAME
Personal name Laidler, Keith James,
245 10 - TITLE STATEMENT
Title Physical chemistry with biological applications /
260 ## - PUBLICATION, DISTRIBUTION, ETC. (IMPRINT)
Place of publication Menlo Park, Calif. :
Name of publisher Benjamin/Cummings Pub. Co.,
Year of publication c1978.
300 ## - PHYSICAL DESCRIPTION
Number of Pages xviii, 587 p. :
Other physical details ill. ;
Dimensions 25 cm.
650 #0 - SUBJECT ADDED ENTRY--TOPICAL TERM
Topical Term Chemistry, Physical and theoretical.
650 #0 - SUBJECT ADDED ENTRY--TOPICAL TERM
Topical Term Biochemistry.
942 ## - ADDED ENTRY ELEMENTS (KOHA)
Koha item type សៀវភៅភាសាអង់គ្លេស
952 ## - LOCATION AND ITEM INFORMATION (KOHA)
Withdrawn status [LOCAL, KOHA] 0
Holdings
Permanent Location Date acquired Koha item type Lost status Shelving location Barcode Current Location Full call number
Library Block A2017-11-10សៀវភៅភាសាអង់គ្លេស A063A07140Library Block A541 BEN 1978 A063 Or.
មជ្ឈមណ្ឌលឯការនៃសាកលវិទ្យាល័យភូមិន្ទកសិកម្មចំការដូង

Powered by Koha